Từ điển cơ khí M-Y T.2

Sparad:
Bibliografiska uppgifter
Huvudupphovsman: Nguyễn Anh Tuấn (Chủ biên)
Materialtyp: Bok
Publicerad: H. Khoa Học và Kỹ Thuật 1986
Ämnen:
Taggar: Lägg till en tagg
Inga taggar, Lägg till första taggen!
Thư viện lưu trữ: Trung tâm Học liệu Lê Vũ Hùng, Trường Đại học Đồng Tháp
LEADER 00691pam a22002058a 4500
001 00021525
005 20180921150912.0
008 110525s1986 ||||||Viesd
041 0 # |a Vie 
082 1 # |a 621.803  |b T550Đ 
100 0 # |a Nguyễn Anh Tuấn  |e Chủ biên 
245 0 0 |p M-Y  |a Từ điển cơ khí  |c Nguyễn Anh Tuấn  |n T.2 
260 # # |a H.  |b Khoa Học và Kỹ Thuật  |c 1986 
300 # # |a 359 tr.  |c 19 cm. 
650 # # |a Cơ khí 
650 # # |a Từ điển 
852 # # |b Kho đọc 
852 # # |j KD.0006544  |j KM.0026447  |j KM.0026330 
910 # # |a kìm  |f 21/09/2018  |d 25/05/2011 
980 # # |a Trung tâm Học liệu Lê Vũ Hùng, Trường Đại học Đồng Tháp